LEADER 00802nam2-22003131i-450- 001 990000231400403321 035 $a000023140 035 $aFED01000023140 035 $a(Aleph)000023140FED01 035 $a000023140 100 $a20011111d--------km-y0itay50------ba 101 0 $aita 105 $ay-------001yy 200 1 $a1. : XVII, 458 p. : ill. 205 $a2. ed. 210 $aBologna$cPatron$d1984- 215 $av.$d24 cm 461 0$1001000012266$12001$aImpianti elettrici 610 0 $aImpianti elettrici 676 $a621.310 42 700 1$aIliceto,$bFrancesco 801 0$aIT$bUNINA$gRICA$2UNIMARC 901 $aBK 912 $a990000231400403321 952 $a13 F 63 20$b8173$fFINBC 952 $a13 19 04$b7839$fFINBC 959 $aFINBC 997 $aUNINA DB $aING01 LEADER 01537nam 2200385Ia 450 001 996388720403316 005 20221108010234.0 035 $a(CKB)1000000000638423 035 $a(EEBO)2240890940 035 $a(OCoLC)11215900 035 $a(EXLCZ)991000000000638423 100 $a19841001d1678 uy | 101 0 $aeng 135 $aurbn||||a|bb| 200 14$aThe dreadful character of a drunkard, or, The odious and beastly sin of drunkenness described and condemned$b[electronic resource] $eshewing the fearful judgements that have befallen notorious drunkards : with brief exhortations to perswade men from that swinish abominable sin 210 $a[London] $cPrinted by A.P. & T.H. for W. Thackeray, T. Passenger, P. Brooksby and J. Williamson$d1678 215 $a[23] p 300 $aEngraved t.p. 300 $aVariously attributed to Andrew Jones and John Hart; other ed.s show Andrew Jones on t.p. 300 $aImperfect: cropped. 300 $aReproduction of the original in the Harvard University Library. 330 $aeebo-0062 606 $aTemperance$zEngland$xBiblical arguments 615 0$aTemperance$xBiblical arguments. 700 $aJones$b Andrew$0569681 701 $aHart$b John$cD.D.$0195672 801 0$bEAE 801 1$bEAE 801 2$bm/c 801 2$bUMI 801 2$bWaOLN 906 $aBOOK 912 $a996388720403316 996 $aThe dreadful character of a drunkard, or, The odious and beastly sin of drunkenness described and condemned$92327072 997 $aUNISA